Perfect preserves : more than 300 easy-to-make recipes (Record no. 372631)

MARC details
000 -LEADER
fixed length control field 00299nam a2200097Ia 4500
082 ## - DEWEY DECIMAL CLASSIFICATION NUMBER
Classification number 641.852 WILS
008 - FIXED-LENGTH DATA ELEMENTS--GENERAL INFORMATION
fixed length control field 210817s9999 xx 000 0 und d
100 ## - MAIN ENTRY--PERSONAL NAME
Personal name WILSON, Joan Camberwell, Vic., 2004
9 (RLIN) 91741
245 #0 - TITLE STATEMENT
Title Perfect preserves : more than 300 easy-to-make recipes
942 ## - ADDED ENTRY ELEMENTS
item type Books

No items available.